Online Catalogue and eLibrary

Women and the work/family dilemma : (Record no. 349)

MARC details
000 -LEADER
fixed length control field 00673cam a2200217 a 4500
001 - CONTROL NUMBER
control field 616695
005 - DATE AND TIME OF LATEST TRANSACTION
control field 20240208055224.0
008 - FIXED-LENGTH DATA ELEMENTS--GENERAL INFORMATION
fixed length control field 921026s1993 nyu b 001 0 eng
020 ## - INTERNATIONAL STANDARD BOOK NUMBER
ISBN 0471533181 (alk. paper) :
040 ## - CATALOGING SOURCE (பட்டியலாக்க மூலம்)
Original cataloging agency DLC
Transcribing agency DLC
Modifying agency DLC
082 00 - DDC Classification
Class No. 306.8.
DDC Edition Number 20
Item Number - Author Mark DEB.
100 1# - MAIN ENTRY--PERSONAL NAME
Personal name Swiss, Deborah J.
245 10 - TITLE STATEMENT
Title Women and the work/family dilemma :
Remainder of title how today's professional women are finding solutions /
Statement of responsibility, etc. Deborah J. Swiss, Judith P. Walker.
260 ## - PUBLICATION, DISTRIBUTION, ETC.
Place of publication, distribution, etc. New York :
Name of publisher, distributor, etc. J. Wiley,
Date of publication, distribution, etc. 1993.
300 ## - PHYSICAL DESCRIPTION
Extent (e.g. Volumes, Pages etc.) xiv, 255 p. ;
650 #0 - SUBJECT ADDED ENTRY--TOPICAL TERM
Topical term or geographic name entry element Work and family
650 #0 - SUBJECT ADDED ENTRY--TOPICAL TERM
Topical term or geographic name entry element Working mothers
650 #0 - SUBJECT ADDED ENTRY--TOPICAL TERM
Topical term or geographic name entry element Women in the professions
700 1# - ADDED ENTRY--PERSONAL NAME
Personal name Walker, Judith P.
Relator term (Role) Editor
942 ## - Koha item type (Biblio)
Koha item type Books in Stacks (Lending)
Holdings
Lost status Damaged status Collection code Home library Current library Date acquired Full call number Accession Number Item type
    Lending WERC Library WERC Library 02/08/2024 306.8. DEB. 3643 Books in Stacks (Lending)

© WERC Library